[Event "CZE-chT2B 1617"]
[Site "Czech Republic"]
[Date "2016.10.09"]
[Round "1.8"]
[White "Janda, Zdenek"]
[Black "Cizek, Martin"]
[Result "1-0"]
[WhiteElo "2119"]
[BlackElo "1995"]
[PlyCount "51"]
[EventDate "2016.10.09"]
[EventType "team-tourn"]
[EventRounds "11"]
[EventCountry "CZE"]
[SourceTitle "EXT 2022"]
[Source "ChessBase"]
[SourceDate "2021.10.06"]
[SourceVersion "1"]
[SourceVersionDate "2021.10.06"]
[SourceQuality "1"]
[WhiteTeam "Decin"]
[BlackTeam "Bartos Unichess II"]
[WhiteTeamCountry "CZE"]
[BlackTeamCountry "CZE"]

1. d4 d5 2. Nf3 c5 3. c3 Nc6 4. e3 e6 5. Bd3 Nf6 6. Nbd2 Be7 7. 0-0 0-0 8. Re1 h6 9. Bb1 Qc7 10. e4 cxd4 11. cxd4 dxe4 12. Nxe4 Rd8 13. Nxf6+ Bxf6 14. Qc2 Qa5 15. Qh7+ Kf8 16. Bd2 Qc7 17. Be4 a5 18. d5 Ne7 19. Rac1 Qd6 20. Be3 Ke8 21. Bc5 Qf4 22. g3 Qb8 23. d6 Rxd6 24. Bxd6 Qxd6 25. Rcd1 Nd5 26. Bxd5 1-0

[Event "CZE-chT2B 1516"]
[Site "Czech Republic"]
[Date "2016.02.21"]
[Round "8.5"]
[White "Marsalek, Zdenek"]
[Black "Cizek, Martin"]
[Result "1/2-1/2"]
[WhiteElo "2172"]
[BlackElo "1986"]
[PlyCount "70"]
[EventDate "2015.10.18"]
[EventType "team-tourn"]
[EventRounds "11"]
[EventCountry "CZE"]
[SourceTitle "EXT 2022"]
[Source "ChessBase"]
[SourceDate "2021.10.06"]
[SourceVersion "1"]
[SourceVersionDate "2021.10.06"]
[SourceQuality "1"]
[WhiteTeam "Turnov Zikuda II"]
[BlackTeam "Unichess II"]
[WhiteTeamCountry "CZE"]
[BlackTeamCountry "CZE"]

1. d4 d5 2. Nf3 Nf6 3. g3 c6 4. Bg2 Bf5 5. 0-0 e6 6. c4 Nbd7 7. Nc3 h6 8. Qb3 Qb6 9. c5 Qxb3 10. axb3 Ne4 11. b4 Nxc3 12. bxc3 a6 13. Nd2 e5 14. f3 Bg6 15. e4 dxe4 16. fxe4 exd4 17. cxd4 f6 18. Nc4 Bf7 19. Na5 0-0-0 20. Bb2 Nb8 21. Rad1 Be6 22. h3 b6 23. cxb6 Bxb4 24. Ra1 Bxa5 25. Rxa5 Kb7 26. d5 cxd5 27. exd5 Bd7 28. Bd4 Rhe8 29. Rfa1 Rc8 30. Bc5 Rcd8 31. Bf1 Bc8 32. Rxa6 Nxa6 33. Bxa6+ Kb8 34. Bf1 Rxd5 35. Bg2 Red8 1/2-1/2

[Event "CZE-chT2B 1516"]
[Site "Czech Republic"]
[Date "2016.01.10"]
[Round "5.6"]
[White "Cizek, Martin"]
[Black "Novotny, Jaroslav"]
[Result "1/2-1/2"]
[WhiteElo "1986"]
[BlackElo "2190"]
[PlyCount "43"]
[EventDate "2015.10.18"]
[EventType "team-tourn"]
[EventRounds "11"]
[EventCountry "CZE"]
[SourceTitle "EXT 2022"]
[Source "ChessBase"]
[SourceDate "2021.10.06"]
[SourceVersion "1"]
[SourceVersionDate "2021.10.06"]
[SourceQuality "1"]
[WhiteTeam "Unichess II"]
[BlackTeam "Jicin II"]
[WhiteTeamCountry "CZE"]
[BlackTeamCountry "CZE"]

1. d4 Nf6 2. c4 g6 3. Nf3 Bg7 4. g3 d5 5. Bg2 dxc4 6. Qa4+ Nfd7 7. Qxc4 Nb6 8. Qc2 Nc6 9. e3 0-0 10. Nc3 e5 11. dxe5 Nxe5 12. Nxe5 Bxe5 13. 0-0 c6 14. Rd1 Qe7 15. e4 Bg4 16. Ne2 Rad8 17. Bh6 Rfe8 18. Rac1 Rxd1+ 19. Rxd1 Rd8 20. Rxd8+ Qxd8 21. h4 Qd6 22. Nc1 1/2-1/2

[Event "CZE-chT2B 1516"]
[Site "Czech Republic"]
[Date "2015.11.08"]
[Round "2.7"]
[White "Cizek, Martin"]
[Black "Babicka, Michal"]
[Result "1/2-1/2"]
[WhiteElo "1986"]
[BlackElo "1978"]
[PlyCount "57"]
[EventDate "2015.10.18"]
[EventType "team-tourn"]
[EventRounds "11"]
[EventCountry "CZE"]
[SourceTitle "EXT 2022"]
[Source "ChessBase"]
[SourceDate "2021.10.06"]
[SourceVersion "1"]
[SourceVersionDate "2021.10.06"]
[SourceQuality "1"]
[WhiteTeam "Unichess II"]
[BlackTeam "Decin"]
[WhiteTeamCountry "CZE"]
[BlackTeamCountry "CZE"]

1. d4 d5 2. c4 dxc4 3. Nf3 Nf6 4. e3 e6 5. Bxc4 a6 6. 0-0 c5 7. Qe2 Nc6 8. Rd1 cxd4 9. exd4 Be7 10. Bg5 0-0 11. Nc3 Nd5 12. Bxd5 exd5 13. Bxe7 Qxe7 14. Qxe7 Nxe7 15. Re1 Be6 16. Ng5 Nc6 17. Nxe6 fxe6 18. Rxe6 Nxd4 19. Re7 Rf7 20. Rxf7 Kxf7 21. Rd1 Re8 22. Kf1 Nc6 23. Rxd5 Re7 24. Rd3 Nb4 25. Rf3+ Kg6 26. Re3 Rd7 27. Ke2 Nc2 28. Rd3 Rxd3 29. Kxd3 1/2-1/2

[Event "CZE-chT2b 0607"]
[Site "Czech Republic"]
[Date "2007.03.25"]
[Round "10"]
[White "Koubek, Vaclav1111"]
[Black "Cizek, Martin"]
[Result "1-0"]
[WhiteElo "2130"]
[BlackElo "1976"]
[PlyCount "111"]
[EventDate "2006.10.15"]
[EventType "team"]
[EventRounds "11"]
[EventCountry "CZE"]
[SourceTitle "EXT 2009"]
[Source "ChessBase"]
[SourceDate "2008.11.26"]
[SourceVersion "1"]
[SourceVersionDate "2008.11.26"]
[SourceQuality "1"]

1. e4 c5 2. Nc3 d6 3. g3 g6 4. Bg2 Bg7 5. d3 Nc6 6. Be3 e5 7. Qd2 Nge7 8. Bh6 0-0 9. h4 Bxh6 10. Qxh6 f6 11. Nge2 Nd4 12. Qd2 Bg4 13. Nxd4 cxd4 14. Ne2 Rc8 15. c4 dxc3 16. Nxc3 Nc6 17. 0-0 Nd4 18. f3 Be6 19. Kh2 Kg7 20. Bh3 Bxh3 21. Kxh3 Qa5 22. Rab1 Rc6 23. f4 Rfc8 24. Qe3 Qd8 25. Rf2 Qd7+ 26. Kg2 Qg4 27. Rbf1 Rf8 28. Nd5 Rc2 29. Rxc2 Nxc2 30. Qxa7 Qe2+ 31. Qf2 Qxd3 32. Qf3 Qxf3+ 33. Kxf3 Nd4+ 34. Ke3 Rc8 35. Nc3 Kf7 36. Rc1 Ke6 37. g4 f5 38. gxf5+ gxf5 39. Rg1 Rc7 40. Rg8 Kf7 41. Rd8 Ne6 42. Rxd6 Nxf4 43. exf5 Ng2+ 44. Kf2 Nxh4 45. f6 Nf5 46. Rb6 Rd7 47. Ne4 h6 48. Nc5 Rd5 49. Nxb7 Nd4 50. b4 Ne6 51. a4 Nf8 52. Nc5 h5 53. a5 Rd1 54. a6 Ra1 55. b5 Ke8 56. Rb7 1-0

[Event "CZE-chT2b 0607"]
[Site "Czech Republic"]
[Date "2007.03.11"]
[Round "9"]
[White "Lorenc, Tomas"]
[Black "Cizek, Martin"]
[Result "1-0"]
[WhiteElo "2150"]
[BlackElo "1976"]
[PlyCount "73"]
[EventDate "2006.10.15"]
[EventType "team"]
[EventRounds "11"]
[EventCountry "CZE"]
[SourceTitle "EXT 2009"]
[Source "ChessBase"]
[SourceDate "2008.11.26"]
[SourceVersion "1"]
[SourceVersionDate "2008.11.26"]
[SourceQuality "1"]

1. b4 e5 2. Bb2 Bxb4 3. Bxe5 Nf6 4. Nf3 0-0 5. e3 d5 6. Be2 c5 7. 0-0 Nc6 8. Bb2 Re8 9. d3 Ba5 10. Nbd2 Qe7 11. a4 Bc7 12. Re1 Bg4 13. c4 d4 14. exd4 cxd4 15. h3 Bxf3 16. Bxf3 Qd6 17. g3 Rxe1+ 18. Qxe1 Re8 19. Ne4 Nxe4 20. Bxe4 Qd7 21. Kg2 Ba5 22. Qd1 g6 23. Qb3 Kg7 24. Qb5 Qc7 25. Bxd4+ f6 26. Be3 Re7 27. Rb1 Ne5 28. Bf4 Bb6 29. a5 Bc5 30. Bxb7 Qd8 31. Qxc5 Nxd3 32. Qd6 Nxf4+ 33. Qxf4 Qd3 34. Qc1 Re2 35. Bf3 Rc2 36. Rb7+ Kf8 37. Qe1 1-0

[Event "CZE-chT2b 0607"]
[Site "Czech Republic"]
[Date "2006.12.03"]
[Round "4"]
[White "Misicko, Jan"]
[Black "Cizek, Martin"]
[Result "1-0"]
[WhiteElo "2113"]
[BlackElo "1976"]
[PlyCount "107"]
[EventDate "2006.10.15"]
[EventType "team"]
[EventRounds "11"]
[EventCountry "CZE"]
[SourceTitle "EXT 2009"]
[Source "ChessBase"]
[SourceDate "2008.11.26"]
[SourceVersion "1"]
[SourceVersionDate "2008.11.26"]
[SourceQuality "1"]

1. c4 Nf6 2. Nc3 g6 3. g3 Bg7 4. Bg2 0-0 5. e4 c5 6. Nge2 Nc6 7. 0-0 d6 8. h3 Bd7 9. d3 Rb8 10. f4 a6 11. a4 Ne8 12. Be3 Nc7 13. d4 cxd4 14. Nxd4 Nxd4 15. Bxd4 Bxd4+ 16. Qxd4 Ne6 17. Qe3 Bc6 18. b4 b6 19. f5 Ng7 20. Rad1 a5 21. b5 Bd7 22. Nd5 f6 23. h4 Be8 24. Bh3 Bf7 25. Qh6 gxf5 26. Bxf5 Nxf5 27. Rxf5 Bg6 28. Rf4 e6 29. h5 Bxh5 30. Qxh5 exd5 31. Qxd5+ Kh8 32. Qxd6 Qxd6 33. Rxd6 Kg7 34. Rd7+ Kg6 35. Rg4+ Kh6 36. Rh4+ Kg6 37. Rdxh7 Rbc8 38. R7h6+ Kg5 39. R6h5+ Kg6 40. e5 fxe5 41. Rxe5 Rf3 42. Kg2 Ra3 43. Re6+ Kf5 44. Rxb6 Rxa4 45. Rc6 Ra2+ 46. Kh3 Rg8 47. Rc5+ Ke6 48. Rh6+ Ke7 49. b6 Ra3 50. Rc7+ Kd8 51. Rd6+ Ke8 52. Rc8+ Kf7 53. Rxg8 Kxg8 54. b7 1-0